| Tag |
First Indicator |
Second Indicator |
Subfields |
| LEADER |
00000cam a2200000 a 4500 |
| 001 |
in00002670021 |
| 005 |
20151202121405.0 |
| 008 |
091008s2011 mau b 000 0 eng |
| 010 |
|
|
|a 2009938857
|
| 020 |
|
|
|a 9780495793236
|
| 020 |
|
|
|a 049579323X
|
| 035 |
|
|
|a (OCoLC)ocn428032352
|
| 040 |
|
|
|a DLC
|c DLC
|d UtOrBLW
|
| 049 |
|
|
|a TXAM
|
| 050 |
0 |
0 |
|a JZ1318
|b .B484 2011
|
| 245 |
0 |
0 |
|a Beyond sovereignty :
|b issues for a global agenda /
|c Maryann Cusimano Love [editor].
|
| 250 |
|
|
|a 4th ed.
|
| 264 |
|
1 |
|a Boston :
|b Wadsworth,
|c [2011]
|
| 264 |
|
4 |
|c ©2011
|
| 300 |
|
|
|a viii, 376 pages ;
|c 24 cm.
|
| 336 |
|
|
|a text
|b txt
|2 rdacontent
|
| 337 |
|
|
|a unmediated
|b n
|2 rdamedia
|
| 338 |
|
|
|a volume
|b nc
|2 rdacarrier
|
| 504 |
|
|
|a Includes bibliographical references.
|
| 650 |
|
0 |
|a Globalization.
|
| 650 |
|
0 |
|a International cooperation.
|
| 650 |
|
0 |
|a Sovereignty.
|
| 700 |
1 |
|
|a Cusimano, Maryann K.
|
| 945 |
|
|
|a PromptCat
|b 344583
|
| 946 |
|
|
|a stk
|
| 947 |
|
|
|a A14840409322
|
| 948 |
|
|
|a cataloged
|b h
|c 2011/5/12
|d c
|e dmitchel
|f 10:10:10 am
|
| 994 |
|
|
|a 92
|b TXA
|
| 999 |
|
|
|a MARS
|
| 999 |
f |
f |
|s 6cf1bbb1-e5b1-3468-89e4-affefcb9d1a5
|i 73377404-9477-343b-b644-4ff827201d56
|t 0
|
| 952 |
f |
f |
|p normal
|a Texas A&M University
|b College Station
|c Sterling C. Evans Library
|d Evans: Library Stacks
|t 0
|e JZ1318 .B484 2009
|h Library of Congress classification
|i unmediated -- volume
|m A14840409322
|
| 998 |
f |
f |
|a JZ1318 .B484 2009
|t 0
|l Evans: Library Stacks
|